| 000 | 00831cam a22002651a 4500 | ||
|---|---|---|---|
| 001 | he 68001433 | ||
| 003 | DLC | ||
| 005 | 20260227111458.0 | ||
| 008 | 840213s1967 is 000 0 hebr | ||
| 010 | _ahe 68001433 | ||
| 035 | _a(OCoLC)19203467 | ||
| 040 |
_aDLC _cMH _dOU _dDLC |
||
| 042 | _apremarc | ||
| 043 | _ae-pl--- | ||
| 050 | 0 | 0 |
_aDS135.P62 _bC537 |
| 245 | 0 | 0 |
_aSefer zikaron li-ḳehilat Ḥorzél : _bKhozshel / _cha-ʻorekh, L. Losh. |
| 260 |
_aTel Aviv : _bIrgun yotsʼe Ḥorzʼel be-Yiśraʼel, _c1967. |
||
| 300 |
_a272 p. : _bill., facsims., map, ports. ; _c25 cm. |
||
| 500 | _aPartly in Yiddish. | ||
| 650 | 0 |
_aJews _zPoland _zChorzele. |
|
| 650 | 0 |
_aHolocaust, Jewish (1939-1945) _zPoland _zChorzele. |
|
| 651 | 0 |
_aChorzele (Poland) _xEthnic relations. |
|
| 700 | 1 | _aLosh, L. | |
| 752 |
_aIsrael _dTel Aviv |
||
| 999 |
_c33301 _d33301 |
||